[Event "Madrid-ch Previa-A"]
[Site "Madrid"]
[Date "2002.10.30"]
[Round "6.9"]
[White "Lopez Mansilla, Vicente"]
[Black "Gonzalez Silen, Luis F"]
[Result "1/2-1/2"]
[WhiteElo "1837"]
[BlackElo "1900"]
[PlyCount "91"]
[EventDate "2002.10.29"]
[EventType "swiss"]
[EventRounds "9"]
[EventCountry "ESP"]
[SourceTitle "EXT 2004"]
[Source "ChessBase"]
[SourceDate "2003.11.25"]
[SourceVersion "1"]
[SourceVersionDate "2003.11.25"]
[SourceQuality "1"]

1. e4 e5 2. Nf3 Nc6 3. d4 exd4 4. Nxd4 Bc5 5. Nxc6 Qf6 6. Qe2 Qxc6 7. Nc3 Ne7 8. Bd2 0-0 9. g3 d5 10. Bg2 d4 11. Nb5 a6 12. Na3 Bxa3 13. bxa3 Be6 14. Bb4 a5 15. Bxe7 Qc3+ 16. Qd2 Qxa1+ 17. Ke2 Bc4+ 18. Kf3 Qc3+ 19. Qxc3 dxc3 20. Bxf8 Kxf8 21. Ke3 Rd8 22. Bf1 Bxa2 23. Bd3 c6 24. f4 b5 25. f5 b4 26. axb4 axb4 27. Ra1 b3 28. cxb3 Bxb3 29. Rc1 Rb8 30. Rxc3 Ba4 31. Bc2 Bb5 32. Rc5 Ra8 33. Rc3 Ra2 34. h4 f6 35. Kf4 Ra1 36. Bd3 Ba4 37. e5 fxe5+ 38. Kxe5 Kf7 39. Be4 Re1 40. g4 h6 41. g5 hxg5 42. hxg5 Bb5 43. Kf4 Rf1+ 44. Ke5 Re1 45. f6 gxf6+ 46. gxf6 1/2-1/2

[Event "Madrid-ch Previa-A"]
[Site "Madrid"]
[Date "2002.10.29"]
[Round "5.10"]
[White "Hernandez del Can, Jose Antonio"]
[Black "Lopez Mansilla, Vicente"]
[Result "0-1"]
[WhiteElo "1911"]
[BlackElo "1837"]
[PlyCount "134"]
[EventDate "2002.10.29"]
[EventType "swiss"]
[EventRounds "9"]
[EventCountry "ESP"]
[SourceTitle "EXT 2004"]
[Source "ChessBase"]
[SourceDate "2003.11.25"]
[SourceVersion "1"]
[SourceVersionDate "2003.11.25"]
[SourceQuality "1"]

1. c4 Nf6 2. Nf3 g6 3. d4 Bg7 4. Nc3 d5 5. cxd5 Nxd5 6. e4 Nxc3 7. bxc3 0-0 8. Be2 c5 9. 0-0 cxd4 10. cxd4 Nc6 11. Be3 Bg4 12. Rb1 b6 13. d5 Bxf3 14. Bxf3 Ne5 15. Be2 Rc8 16. Qa4 Qd7 17. Qb3 Qd6 18. f4 Nd7 19. e5 Qb8 20. Qa3 Rc7 21. Qxe7 Nxe5 22. Qb4 Nd7 23. Bf3 Re8 24. Bd4 Bxd4+ 25. Qxd4 Qd8 26. Rbe1 Rc5 27. Rc1 Qh4 28. g3 Qd8 29. Bg2 Re2 30. Rxc5 Nxc5 31. a3 Qd6 32. Bf3 Re8 33. Qc3 Qe7 34. Qd4 Qe3+ 35. Qxe3 Rxe3 36. d6 Rd3 37. Bg2 Rxd6 38. Rf3 Kf8 39. Bf1 Ne4 40. Bb5 h6 41. Re3 f5 42. Kg2 Kf7 43. h3 Kf6 44. Rd3 Rxd3 45. Bxd3 Nc5 46. Bc2 b5 47. Kf3 a5 48. Ke3 b4 49. axb4 axb4 50. Kd4 b3 51. Bb1 Ne4 52. g4 b2 53. gxf5 gxf5 54. Kd3 Nf2+ 55. Kc3 Nxh3 56. Kxb2 Nxf4 57. Kc2 Kg5 58. Kd2 Kg4 59. Ke3 h5 60. Kf2 h4 61. Bc2 Nd5 62. Bd1+ Kf4 63. Bf3 Nc3 64. Bg2 Ne4+ 65. Kg1 Kg3 66. Bf1 Nd2 67. Bd3 f4 0-1

[Event "Madrid-ch Previa-A"]
[Site "Madrid"]
[Date "2002.10.22"]
[Round "2.8"]
[White "Huerta Navarro, Eusebio"]
[Black "Lopez Mansilla, Vicente"]
[Result "1-0"]
[WhiteElo "1946"]
[BlackElo "1837"]
[PlyCount "145"]
[EventDate "2002.10.29"]
[EventType "swiss"]
[EventRounds "9"]
[EventCountry "ESP"]
[SourceTitle "EXT 2004"]
[Source "ChessBase"]
[SourceDate "2003.11.25"]
[SourceVersion "1"]
[SourceVersionDate "2003.11.25"]
[SourceQuality "1"]

1. d4 d5 2. c4 e6 3. Nc3 Nf6 4. Bg5 Be7 5. Nf3 Nbd7 6. cxd5 exd5 7. e3 0-0 8. Bd3 Re8 9. 0-0 a6 10. Rc1 c6 11. Bb1 Ne4 12. Bxe7 Rxe7 13. Nxe4 dxe4 14. Nd2 Nf6 15. Nb3 Bf5 16. Qc2 Qd6 17. Qc5 Qd7 18. Na5 Be6 19. b3 Rd8 20. Nc4 Qc7 21. Qe5 Bd5 22. Qg5 h6 23. Qh4 Be6 24. Ne5 Bf5 25. f3 Rxe5 26. dxe5 Qxe5 27. fxe4 Bg6 28. Qf4 Re8 29. Rc4 Bxe4 30. Bxe4 Nxe4 31. Qxf7+ Kh8 32. Qf4 Qxf4 33. Rxf4 Nd2 34. Rcd4 Nb1 35. Rd3 Na3 36. e4 Nb5 37. Re3 Kg8 38. e5 Nc7 39. Re2 Nd5 40. Rf3 Re6 41. Kf1 b6 42. a3 g5 43. g3 Kg7 44. Ke1 Kg6 45. Kd2 a5 46. Rf8 Nc7 47. Kd3 Na6 48. Kd4 Nc5 49. b4 axb4 50. axb4 Nd7 51. Rd8 Re7 52. g4 Kf7 53. Rc8 Re6 54. Rf2+ Ke7 55. Rh8 Nxe5 56. h3 Kd6 57. Rhf8 c5+ 58. bxc5+ bxc5+ 59. Kc3 Ke7 60. R8f5 Kd6 61. Rf6 Ke7 62. Rxe6+ Kxe6 63. Rf8 Nf7 64. Re8+ Kd6 65. Rc8 Ne5 66. Rf8 Ke7 67. Rh8 Nf7 68. Ra8 Ke6 69. Kc4 Ne5+ 70. Kxc5 Nd7+ 71. Kd4 Kf6 72. Ra6+ Kg7 73. Ra7 1-0